Obálka
Pro půjčování e-knih musíte být přihlášeni.
Jak si půjčit online?

Bubáci a hastrmani /

Veselé vyprávění o hastrmanu Brčálovi a strašidlu Mulisákovi a o jejich radostech i starostech s výchovou potomků Pulce a Bubáčka jsou již českou klasikou. Autor zasadil humorné příběhy do rodného kraje okolo Hrusic, plného malebných rybníčků a hlubokých lesů. Ladův přístup ke strašidlům je osobitý...

Celý popis

Uloženo v:
Hlavní autor: Lada, Josef (Autor)
Další autoři: Smolík, František (Autor)
Médium: E-audiokniha
Vydáno: Praha : Supraphon a.s., 2012
Tagy:
Žádné tagy
LEADER 02418nim a22003017i 4500
001 313283
007 sr nunnnnnnned
024 |a 099925942120 
044 |a xr 
100 1 |a  Lada, Josef  |4 aut 
245 1 0 |a Bubáci a hastrmani /  |c  Lada, Josef 
264 1 |a Praha :  |b Supraphon a.s.,  |c 2012 
300 |a 1 online zdroj (1 hod., 53 min., 26 sek.) 
336 |a mluvené slovo  |b spw  |2 rdacontent 
337 |a audio  |b s  |2 rdamedia 
338 |a online zdroj  |b cr  |2 rdacarrier 
505 0 0 |t Jak strasidlo Mulisak zacalo strasit v Syslove (18 min., 38 sek.) 
505 0 0 |t Jak Pulec a Bubacek vozili deti v strasidlackem letadle (19 min., 57 sek.) 
505 0 0 |t Jak ve mlyne strasilo a jak sel Mulisak na navstevu k pane hrabence (19 min., 6 sek.) 
505 0 0 |t Jak strasidlo Mulisak a hastrman Brcal potrestali zlodeje (18 min., 52 sek.) 
505 0 0 |t Pulcova krasojizda s kockami (17 min., 21 sek.) 
505 0 0 |t Jak se Pulec a Bubacek vyucili (19 min., 37 sek.) 
520 2 |a Veselé vyprávění o hastrmanu Brčálovi a strašidlu Mulisákovi a o jejich radostech i starostech s výchovou potomků Pulce a Bubáčka jsou již českou klasikou. Autor zasadil humorné příběhy do rodného kraje okolo Hrusic, plného malebných rybníčků a hlubokých lesů. Ladův přístup ke strašidlům je osobitý a vstřícný. Prý říkával, že strašidla opravdu na světě jsou a je jich mnoho. Jsou tady proto, aby se jich děti nebály a mohly si s nimi hrát. Autor a tvůrci nahrávky s vypravěčem Františkem Smolíkem nás zavádějí do malebné vesničky Syslov a okolí, kde spolu ve vzácné shodě žijí hastrman Brčál, jeho synek Pulec, strašidlo Mulisák s malým Bubáčkem, a samozřejmě i obyvatelé Syslova se svými dětmi. Do jejich života zasahuje i podivínská hraběnka Truc-Hanzlová a další lidské i pohádkové bytosti, které vytvářejí malebný obraz české vesnice, do které Josef Lada zasadil svůj laskavý humor a svá strašidla obdařil vlastnostmi obyčejných venkovských lidiček. 
700 1 |a  Smolík, František  |4 nrt 
910 |a RBIT002 
998 |d 402265  |a https://core.palmknihy.cz/api/books/402265/cover?sbtls6  |b https://core.palmknihy.cz/api/books/402265/cover/400?sbtls6  |c https://core.palmknihy.cz/api/books/402265/cover/50?sbtls6  |e 2099-01-01  |i 099925942120  |l 6806  |q 49  |r 1  |s https://www.palmknihy.cz/kniha/402265  |t audiobook  |y 2012  |z 1 
999 |d 313281